Statistical Methods For Decision Making / (Record no. 35415)
[ view plain ]
| 000 -LEADER | |
|---|---|
| fixed length control field | 00757nam a22002297a 4500 |
| 001 - CONTROL NUMBER | |
| control field | 35415 |
| 003 - CONTROL NUMBER IDENTIFIER | |
| rucl marc code | BD-RjUL |
| 005 - DATE AND TIME OF LATEST TRANSACTION | |
| control field | 20211209052322.0 |
| 008 - FIXED-LENGTH DATA ELEMENTS--GENERAL INFORMATION | |
| fixed length control field | 140524r19751969ii a|||| |||| 001 0 eng d |
| 035 ## - SYSTEM CONTROL NUMBER | |
| System control number | (BD-RjUL)35509 |
| 040 ## - CATALOGING SOURCE | |
| Original cataloging agency | BD-RjUL |
| Language of cataloging | eng |
| Transcribing agency | BD-RjUL |
| 041 ## - LANGUAGE CODE | |
| Language code of text/sound track or separate title | eng |
| 082 ## - DEWEY DECIMAL CLASSIFICATION NUMBER | |
| Edition number | 19 |
| Classification number | 519.542 |
| Author mark and year | CHS 1975 |
| 100 1# - MAIN ENTRY--PERSONAL NAME | |
| Personal name | Chance, William A |
| 9 (RLIN) | 107842 |
| 245 1# - TITLE STATEMENT | |
| Title | Statistical Methods For Decision Making / |
| Statement of responsibility, etc. | William A Chance |
| 260 ## - PUBLICATION, DISTRIBUTION, ETC. (IMPRINT) | |
| Place of publication, distribution, etc. | Bombay : |
| Name of publisher, distributor, etc. | D. B. Taraporevala Sons, |
| Date of publication, distribution, etc. | c1969 [reprint 1975]. |
| 300 ## - PHYSICAL DESCRIPTION | |
| Pagination | xi, 442 p. : |
| Illustrations | illus. ; |
| Size | 23 cm. |
| 504 ## - BIBLIOGRAPHY, ETC. NOTE | |
| Bibliography, etc | Includes index. |
| 650 ## - SUBJECT ADDED ENTRY--TOPICAL TERM | |
| Topical term or geographic name as entry element | Statistical decision. |
| 9 (RLIN) | 107843 |
| 856 ## - ELECTRONIC LOCATION AND ACCESS | |
| Materials specified | WorldCat |
| Uniform Resource Identifier | <a href="http://www.worldcat.org/search?q=Statistical+Methods+For+Decision+Making&qt=owc_search">http://www.worldcat.org/search?q=Statistical+Methods+For+Decision+Making&qt=owc_search</a> |
| 942 ## - ADDED ENTRY ELEMENTS (KOHA) | |
| Source of classification or shelving scheme | Dewey Decimal Classification |
| Koha item type | Books |
| Lost status | Source of classification or shelving scheme | Damaged status | Not for loan | Collection code | Permanent Location | Current Location | Shelving location | Date acquired | Source of acquisition | Total Checkouts | Full call number | Date last seen | Copy number | Koha item type |
|---|---|---|---|---|---|---|---|---|---|---|---|---|---|---|
| Dewey Decimal Classification | Not For Loan | Non-fiction | Central Library, University of Rajshahi | Central Library, University of Rajshahi | Reading Room | 22/02/1983 | American Cal. | 519.542 CHS 1975 | 24/05/2014 | C-1 | Books |